000 00811nam a2200241Ia 4500
999 _c32446
_d32446
003 GCL
005 20240530102451.0
008 140319s9999 xx 000 0 ara d
040 _aGCL /
_cGCL
082 0 4 _a189
_bم ف
100 1 _aمحمد عبدالله الشرقاوى
245 1 0 _aفى مناهج البحث منهج نقد النص بين ابن حزم الاندلسى واسبينوزا /
_cمحمد عبدالله الشرقاوى
260 _a[S.N] :
_bالمجالس ،
_c1993
300 _a1974 ص
650 0 4 _aالفلسفة الاسلامية
650 0 4 _aطرق البحث
650 0 4 _aالفلسفة
650 0 4 _aالفلسفة الغربية
650 0 4 _aابن حزم الاندلسى
650 0 4 _aاسبينوزا
650 0 4 _aتاريخ ونقد
942 _2ddc
_cBK